000 00295nam a22001217a 4500
008 230626b xxu||||| |||| 00| 0 eng d
082 _a328.71
_bCPA
100 _bCPA
245 _aTwenty-Third Commonwealth Parliamentary Conference
260 _aCanada
_c1977
300 _a397p
942 _2ddc
_cBK
999 _c2572
_d2572